Conformado de los metales / (Record no. 136059)

MARC details
000 -LEADER
campo de control de longitud fija 00490nam a2200157 4500
001 - NÚMERO DE CONTROL
campo de control 136059
003 - IDENTIFICADOR DE NÚMERO DE CONTROL
campo de control ES-MaACL
007 - CAMPO FIJO DE DESCRIPCIÓN FÍSICA--INFORMACIÓN GENERAL
campo de control de longitud fija t|
008 - DATOS DE LONGITUD FIJA--INFORMACIÓN GENERAL
campo de control de longitud fija 070214s1972 sp r ||||1| spa d
100 1# - ENTRADA PRINCIPAL--NOMBRE DE PERSONA
Nombre de persona Rowe, Geoffrey W.
9 (RLIN) 100176
245 10 - MENCIÓN DEL TÍTULO
Título Conformado de los metales /
Mención de responsabilidad, etc. Geoffrey W. Rowe ; traducción de José María Jiménez Moreno.
260 ## - PUBLICACIÓN, DISTRIBUCIÓN, ETC.
Lugar de publicación, distribución, etc. Bilbao :
Nombre del editor, distribuidor, etc. Urmo,
Fecha de publicación, distribución, etc. 1972.
300 ## - DESCRIPCIÓN FÍSICA
Extensión 376 p. ;
Dimensiones 25 cm.
700 1# - ENTRADA AGREGADA--NOMBRE PERSONAL
Nombre de persona Jiménez Moreno, José María.
9 (RLIN) 66572
852 ## - LOCALIZACIÓN
Ubicación ES-MaACL
Número de control de estantería L-9791
Sublocalización o colección R.111639
Holdings
Estatus retirado Estado de pérdida Estado de daño No para préstamo Biblioteca de origen Biblioteca actual Ubicación en estantería Fecha de adquisición Fuente de adquisición Total de préstamos Signatura topográfica completa Código de barras Visto por última vez Precio de reemplazo Tipo de ítem Koha
        Biblioteca del Ateneo de Madrid Biblioteca del Ateneo de Madrid Depósito 2 17/01/2008     L-9791 1141606 23/02/2023 23/02/2023 Libro impreso